| 000 | 00500nam a2200193 a 4500 | ||
|---|---|---|---|
| 005 | 20230524064144.0 | ||
| 008 | 010904s1976 r 000 0 eng d | ||
| 035 | _aUPN01000110975 | ||
| 049 | _aCG | ||
| 050 | 4 |
_aPA4167 _bH6.58a |
|
| 100 | 0 | _aHomero | |
| 245 | 1 | 0 |
_aLa Odisea / _cHomero. |
| 260 |
_aMéxico : _bValle de México, _c1976. |
||
| 300 | _a482 p. | ||
| 440 | 0 | _aObras selectas de Homero | |
| 650 | 4 |
_aPoesía épica griega _96435 |
|
| 650 | 4 |
_aMitología griega _99574 |
|
| 905 | _aLibro | ||
| 999 |
_c84884 _d84884 |
||